| 000 | 00874nam a2200265 i 4500 | ||
|---|---|---|---|
| 003 | DO-SdBNP | ||
| 005 | 20250610113958.0 | ||
| 007 | ta | ||
| 008 | 250610b190? dr ||||| |||| 00| 0 spa d | ||
| 040 |
_aDO-SdBNP _bspa _cBNPHU _erda |
||
| 041 | _hspa | ||
| 082 | 2 |
_a342.729302 _bR426cons _222 |
|
| 110 | 1 |
_aRepública Dominicana. _9447 |
|
| 245 | 1 | 0 |
_aConstitución de la República Dominicana : _bproclamada el 14 de agosto de 1994. |
| 264 |
_aSanto Domingo : _bEditora desconocida, _cfecha desconocida |
||
| 300 |
_a46 páginas ; _c21 cm. |
||
| 336 |
_2rdacontent _atexto _btxt |
||
| 337 |
_2rdamedia _asin mediación _bn |
||
| 338 |
_2rdacarrier _avolumen _bnc |
||
| 590 | _aInventariado, 2025/DG | ||
| 651 | 4 |
_aRepública Dominicana _xConstitución (1991{Rpara} _965459 |
|
| 651 | 4 |
_aRepública Dominicana _xDerecho constitucional _99303 |
|
| 910 | _aDG | ||
| 942 |
_2ddc _cLF2 |
||
| 999 |
_c59199 _d59199 |
||